Представление документа в формате MARC21

ПолеНазваниеЗначение
  Тип записи a
  Библиографический уровень m
001 Контрольный номер RU/URAIT/598736
005 Дата корректировки 20260429163659.7
008 Кодируемые данные 260429s2026 RU y f j 000 0 rus u
020 Индекс ISBN __
a ISBN 978-5-534-09171-7
c Цена, тираж 2029.00
040 Источник каталогиз. __
a Служба первич. каталог. ИКО Юрайт
c Служба, преобразующая запись ИКО Юрайт
e Правила каталог. RCR
041 Код языка издания __
a Код языка текста rus
044 Код страны публикации __
a Код страны публикации RU
080 Индекс УДК __
a Индекс УДК 72.036(075.32)
084 Индекс другой классификации/Индекс ББК __
2 Источник индекса rubbk
a Индекс другой классификации/Индекс ББК 85.11я723
100 Автор __
a Автор Заварихин С. П.
q Полное имя Заварихин Светозар Павлович
245 Заглавие __
a Заглавие Архитектура первой половины XX века
b Продолж. заглавия учебник для спо
c Ответственность С. П. Заварихин.
250 Сведения об издании __
g испр. и доп
a Основные сведения об издании 2-е изд.
256 Характеристики компьютерного файла __
a Характеристики компьютерного файла Электрон. дан.
260 Выходные данные __
a Место издания Москва
b Издательство Юрайт
c Дата издания 2026
300 Физическое описание __
a Объем 223 с
440 Серия __
a Серия Профессиональное образование
500 Примечания __
a Примечание URL: https://urait.ru/bcode/598736 (дата обращения: 29.04.2026).
520 Аннотация __
a Аннотация В курсе представлена панорама развития архитектуры в первой половине XX века. В нем отечественная (в том числе советская) архитектура рассматривается в широком контексте мирового зодчества. Основной теоретический материал курса дополнен многочисленными иллюстрациями, развернутыми подписями к ним, хронологическими «лентами времени» и краткими биографиями выдающихся зодчих столетия.
538 Прим. о системных особенностях __
a Прим. о системных особенностях Режим доступа: Электронно-библиотечная система Юрайт, для авториз. пользователей
653 Ключевые слова __
a Ключевые слова Искусствознание. История искусств
653 Ключевые слова __
a Ключевые слова Гуманитарные науки
653 Ключевые слова __
a Ключевые слова Введение в историю искусства
653 Ключевые слова __
a Ключевые слова Архитектура
653 Ключевые слова __
a Ключевые слова Эстетика архитектуры и дизайна
653 Ключевые слова __
a Ключевые слова Всеобщая история искусства
653 Ключевые слова __
a Ключевые слова История изобразительных искусств
653 Ключевые слова __
a Ключевые слова История искусства
653 Ключевые слова __
a Ключевые слова История дизайна
653 Ключевые слова __
a Ключевые слова История искусств
653 Ключевые слова __
a Ключевые слова История пространственных и пластических искусств (живопись, скульптура, дизайн, сценография, архитектура)
653 Ключевые слова __
a Ключевые слова История архитектуры
653 Ключевые слова __
a Ключевые слова История изобразительного искусства
653 Ключевые слова __
a Ключевые слова История изобразительного и прикладного искусства
653 Ключевые слова __
a Ключевые слова История дизайна, науки и техники
653 Ключевые слова __
a Ключевые слова Архитектура зданий
653 Ключевые слова __
a Ключевые слова История ИЗО
653 Ключевые слова __
a Ключевые слова Архитектура зданий и сооружений
653 Ключевые слова __
a Ключевые слова Основы дизайна архитектурной среды
653 Ключевые слова __
a Ключевые слова История изобразительных искусств и дизайна
653 Ключевые слова __
a Ключевые слова Предметная среда в архитектурном сооружении
856 Электронный адрес документа 40
n Местонахождение сервера Юрайт
g Электронная книга
q Тип электронного формата html
h Имя пользователя ЮРАЙТ
v Часы доступа к ресурсу 20271231
2 Способ доступа Показать документ
x Служебное примечание https://urait.ru/book/cover/CC5013CC-B9D7-49A4-8343-69953E477069
u URL https://urait.ru/bcode/598736
856 Электронный адрес документа 48
q Тип электронного формата cover
u URL https://urait.ru/book/cover/CC5013CC-B9D7-49A4-8343-69953E477069
911 __
u 0030=https://urait.ru/bcode/598736
911 __
u 073a=9785534091717
u 073d=2029.00
911 __
u 106a=s
911 __
u 900l=
952 Тип литературы __
i Дисциплина Введение в историю искусства
952 Тип литературы __
i Дисциплина Архитектура
952 Тип литературы __
i Дисциплина Эстетика архитектуры и дизайна
952 Тип литературы __
i Дисциплина Всеобщая история искусства
952 Тип литературы __
i Дисциплина История изобразительных искусств
952 Тип литературы __
i Дисциплина История искусства
952 Тип литературы __
i Дисциплина История дизайна
952 Тип литературы __
i Дисциплина История искусств
952 Тип литературы __
i Дисциплина История пространственных и пластических искусств (живопись, скульптура, дизайн, сценография, архитектура)
952 Тип литературы __
i Дисциплина История архитектуры
952 Тип литературы __
i Дисциплина История изобразительного искусства
952 Тип литературы __
i Дисциплина История изобразительного и прикладного искусства
952 Тип литературы __
i Дисциплина История дизайна, науки и техники
952 Тип литературы __
i Дисциплина Архитектура зданий
952 Тип литературы __
i Дисциплина История ИЗО
952 Тип литературы __
i Дисциплина Архитектура зданий и сооружений
952 Тип литературы __
i Дисциплина Основы дизайна архитектурной среды
952 Тип литературы __
i Дисциплина История изобразительных искусств и дизайна
952 Тип литературы __
i Дисциплина Предметная среда в архитектурном сооружении